Estrategia, de la visión a la acción /
Na minha lista:
| Autor principal: | |
|---|---|
| Formato: | Livro |
| Idioma: | espanhol |
| Publicado em: |
Madrid, España :
ESIC,
2006, c2006
|
| Assuntos: | |
| Tags: |
Sem tags, seja o primeiro a adicionar uma tag!
|
MARC
| LEADER | 00000nam^a2200000^a^4500 | ||
|---|---|---|---|
| 001 | 000189893 | ||
| 005 | 20250521000000.0 | ||
| 009 | 20260310102429.35 | ||
| 020 | |a 84-7356-435-9 | ||
| 037 | |a Acervo ITESO - Biblioteca | ||
| 041 | |a ESP | ||
| 082 | |a 658. 4012 |b CAR | ||
| 100 | |a Carrión Maroto, Juan |e (autor) | ||
| 245 | 1 | 0 | |a Estrategia, de la visión a la acción / |c J. Carrión Maroto ; pról. de Julián Peinador. |
| 264 | 4 | |a Madrid, España : |b ESIC, |c 2006, c2006 | |
| 300 | |a 461 p. | ||
| 336 | |a texto |b txt |2 rdacontenido | ||
| 337 | |a sin mediación |b n |2 rdamedio | ||
| 338 | |a volumen |b nc |2 rdasoporte | ||
| 649 | |a XX | ||
| 650 | |a Planeación Estratégica - |x Tema Principal | ||
| 650 | |a Planeación Administrativa | ||
| 650 | |a Estrategia en los Negocios | ||
| 650 | |a Estrategia Mercadotécnica | ||
| 650 | |a Competitividad | ||
| 650 | |a Benchmarking | ||
| 650 | |a Innovación Administrativa | ||
| 650 | |a Toma de Decisiones | ||
| 650 | |a Cultura Organizacional | ||
| 650 | |a Conocimiento - |x Administración | ||
| 650 | |a Información - |x Administración | ||
| 650 | |a Tecnologías de Comunicación e Información | ||
| 650 | |a Liderazgo | ||
| 650 | |a Recursos Humanos | ||
| 650 | |a Empresas - |x Administración | ||
| 650 | |a Proceso Administrativo - |x Dirección | ||
| 650 | |a Administración | ||
| 650 | |a Ciencias Administrativas | ||
| 910 | |a Fondo General | ||
| 920 | |a Impresos - Libros | ||
| 930 | |a Colección General | ||
| 905 | |a 101 | ||
| 901 | |a 0500133235 |b IT1 |c ACC |u 20250521 | ||
| 902 | |a https://opac.biblio.iteso.mx/vufind/Record/000189893 | ||